<?xml version="1.0" encoding="UTF-8"?><record xmlns="http://www.loc.gov/MARC21/slim" xmlns:zs="http://docs.oasis-open.org/ns/search-ws/sruResponse">
  <leader>03462cgm a2200613 a 4500</leader>
  <controlfield tag="001">14621030</controlfield>
  <controlfield tag="005">20250607014901.1</controlfield>
  <controlfield tag="007">mr bf  dnnaranna|199703</controlfield>
  <controlfield tag="007">cr b| ||||||||</controlfield>
  <controlfield tag="007">vf bj  on</controlfield>
  <controlfield tag="008">061102s1907    fr 002            mleng  </controlfield>
  <datafield ind1=" " ind2=" " tag="035">
    <subfield code="a">14621030</subfield>
  </datafield>
  <datafield ind1=" " ind2=" " tag="906">
    <subfield code="a">7</subfield>
    <subfield code="b">cbc</subfield>
    <subfield code="c">orignew</subfield>
    <subfield code="d">u</subfield>
    <subfield code="e">ncip</subfield>
    <subfield code="f">20</subfield>
    <subfield code="g">y-movingim</subfield>
  </datafield>
  <datafield ind1=" " ind2=" " tag="955">
    <subfield code="i">qm22 2015-07-20</subfield>
    <subfield code="c">qm22 2018-02-22</subfield>
  </datafield>
  <datafield ind1=" " ind2=" " tag="955">
    <subfield code="a">LCAP batch update 2025-06-01-04:00: LCAPM-1033</subfield>
  </datafield>
  <datafield ind1=" " ind2=" " tag="010">
    <subfield code="a">  2006640667</subfield>
  </datafield>
  <datafield ind1=" " ind2=" " tag="040">
    <subfield code="a">DLC</subfield>
    <subfield code="c">DLC</subfield>
    <subfield code="e">amim</subfield>
    <subfield code="d">DLC</subfield>
  </datafield>
  <datafield ind1="0" ind2="0" tag="050">
    <subfield code="a">VRA 1876 (viewing copy)</subfield>
  </datafield>
  <datafield ind1="0" ind2="0" tag="050">
    <subfield code="a">FBC 7678 (viewing print)</subfield>
  </datafield>
  <datafield ind1="0" ind2="4" tag="245">
    <subfield code="a">The golden beetle /</subfield>
    <subfield code="c">Pathé frères ; direction, photography and tricks, Segundo de Chomón.</subfield>
  </datafield>
  <datafield ind1="1" ind2=" " tag="246">
    <subfield code="i">French title from AFI STAR database:</subfield>
    <subfield code="a">Scarabée d'or</subfield>
  </datafield>
  <datafield ind1="1" ind2=" " tag="246">
    <subfield code="i">Variant English language title:</subfield>
    <subfield code="a">Golden scarab</subfield>
  </datafield>
  <datafield ind1="1" ind2=" " tag="246">
    <subfield code="i">Collective title from MAVIS:</subfield>
    <subfield code="a">Special effects reel.</subfield>
    <subfield code="n">No. 3</subfield>
    <subfield code="5">DLC</subfield>
  </datafield>
  <datafield ind1=" " ind2=" " tag="250">
    <subfield code="a">[English language version].</subfield>
  </datafield>
  <datafield ind1=" " ind2=" " tag="257">
    <subfield code="a">France.</subfield>
  </datafield>
  <datafield ind1=" " ind2=" " tag="260">
    <subfield code="a">United States :</subfield>
    <subfield code="b">Pathé Frères,</subfield>
    <subfield code="c">1907.</subfield>
  </datafield>
  <datafield ind1=" " ind2=" " tag="300">
    <subfield code="3">viewing copy</subfield>
    <subfield code="a">1 videocassette of 1 (Betacam SP) (ca. 2 min.) :</subfield>
    <subfield code="b">si., b&amp;w ;</subfield>
    <subfield code="c">1/2 in.</subfield>
  </datafield>
  <datafield ind1=" " ind2=" " tag="300">
    <subfield code="3">viewing print</subfield>
    <subfield code="a">1 film reel of 1 (ca. 70 ft.) :</subfield>
    <subfield code="b">si., b&amp;w ;</subfield>
    <subfield code="c">16 mm.</subfield>
  </datafield>
  <datafield ind1=" " ind2=" " tag="336">
    <subfield code="a">two-dimensional moving image</subfield>
    <subfield code="b">tdi</subfield>
    <subfield code="2">rdacontent</subfield>
  </datafield>
  <datafield ind1=" " ind2=" " tag="337">
    <subfield code="a">projected</subfield>
    <subfield code="b">g</subfield>
    <subfield code="2">rdamedia</subfield>
  </datafield>
  <datafield ind1=" " ind2=" " tag="338">
    <subfield code="a">film reel</subfield>
    <subfield code="b">mr</subfield>
    <subfield code="2">rdacarrier</subfield>
  </datafield>
  <datafield ind1=" " ind2=" " tag="500">
    <subfield code="a">Originally released in France by Pathé frères in 1907.</subfield>
  </datafield>
  <datafield ind1=" " ind2=" " tag="500">
    <subfield code="a">End title lacking.</subfield>
    <subfield code="5">DLC</subfield>
  </datafield>
  <datafield ind1=" " ind2=" " tag="500">
    <subfield code="a">On one film reel/videocassette with five other films. Preceded by La poule phénomène, A touching pleading, [Story of Christ], Liliputian dance, and The enchanted glasses.</subfield>
    <subfield code="5">DLC</subfield>
  </datafield>
  <datafield ind1=" " ind2=" " tag="500">
    <subfield code="a">Part of summary from AFI STAR database record.</subfield>
  </datafield>
  <datafield ind1=" " ind2=" " tag="500">
    <subfield code="a">Pathé no. 1571.</subfield>
  </datafield>
  <datafield ind1=" " ind2=" " tag="500">
    <subfield code="a">Digital files viewed.</subfield>
  </datafield>
  <datafield ind1=" " ind2=" " tag="500">
    <subfield code="a">Sources used: AFI STAR database record no. 7683; Catalogue Pathé des années 1896 à 1914, 1907 à 1909, p. 7.</subfield>
  </datafield>
  <datafield ind1=" " ind2=" " tag="520">
    <subfield code="a">A magician catches a bug, which he throws into a brazier he has conjured up. From the brazier emerges a woman with shimmering wings. The brazier disappears and is replaced by a water fountain. The winged woman disappears. The magician crawls around on the floor as the water turns into fireworks, and then into a spinning wheel of fire. The magician leaps and twirls, and the woman reappears in the spinning wheel. When the fireworks end, two handmaidens appear and, as the woman chases the magician, they bring the brazier back. They fling the magician into it, and it bursts into flame. Her handmaidens stand to the side as the winged woman hovers above the smoking brazier.</subfield>
  </datafield>
  <datafield ind1=" " ind2=" " tag="530">
    <subfield code="a">Available also through the Library of Congress Web site as digital files.</subfield>
  </datafield>
  <datafield ind1=" " ind2="0" tag="650">
    <subfield code="a">Magic tricks.</subfield>
  </datafield>
  <datafield ind1=" " ind2="7" tag="655">
    <subfield code="a">Trick films.</subfield>
    <subfield code="2">lcgft</subfield>
  </datafield>
  <datafield ind1=" " ind2="7" tag="655">
    <subfield code="a">Silent films.</subfield>
    <subfield code="2">lcgft</subfield>
  </datafield>
  <datafield ind1=" " ind2="7" tag="655">
    <subfield code="a">Short films.</subfield>
    <subfield code="2">lcgft</subfield>
  </datafield>
  <datafield ind1="1" ind2=" " tag="700">
    <subfield code="a">Chomón, Segundo de,</subfield>
    <subfield code="d">1871-1929,</subfield>
    <subfield code="e">direction,</subfield>
    <subfield code="e">camera.</subfield>
  </datafield>
  <datafield ind1="2" ind2=" " tag="710">
    <subfield code="a">Pathé frères (France)</subfield>
  </datafield>
  <datafield ind1="2" ind2=" " tag="710">
    <subfield code="a">Pathé Frères (U.S.)</subfield>
  </datafield>
  <datafield ind1="0" ind2=" " tag="710">
    <subfield code="a">Niver (Kemp) Collection (Library of Congress)</subfield>
    <subfield code="5">DLC</subfield>
  </datafield>
  <datafield ind1="1" ind2="8" tag="786">
    <subfield code="t">Golden beetle</subfield>
    <subfield code="w">(DLC) 761</subfield>
    <subfield code="n">AVCMS</subfield>
  </datafield>
  <datafield ind1="4" ind2="1" tag="856">
    <subfield code="3">Digital viewing copy</subfield>
    <subfield code="d">ntscrm</subfield>
    <subfield code="f">00000761</subfield>
    <subfield code="u">https://hdl.loc.gov/loc.mbrsmi/ntscrm.00000761</subfield>
  </datafield>
  <datafield ind1="4" ind2=" " tag="859">
    <subfield code="3">France in America: Selections from the LC Motion Picture, Broadcasting and Recorded Sound Division Description</subfield>
    <subfield code="u">http://hdl.loc.gov/loc.eur/frhtml.0025</subfield>
  </datafield>
  <datafield ind1=" " ind2=" " tag="985">
    <subfield code="a">ascfr/frlcmbrs/mi</subfield>
    <subfield code="e">intdl</subfield>
  </datafield>
  <datafield ind1=" " ind2=" " tag="985">
    <subfield code="a">mi/ascfr</subfield>
    <subfield code="e">ammem</subfield>
  </datafield>
  <datafield ind1=" " ind2=" " tag="985">
    <subfield code="a">nsr</subfield>
  </datafield>
</record>
